000
00301nam a2200145Ia 4500
100
_a
Gupta/K.C.
942
_c
BK
654
_a
microwave
245
_a
Microwave
260
_b
WILEY EASTERN LIMITED
_a
New Delhi
_c
1979
082
_a
621.3813
_b
GUP
300
_a
242
546
_a
ENGLISH
999
_c
26024
_d
26024